00345nam a2200097Ia 4500008004100000041000800041100003100049245007500080260005000155650004200205191203s9999 xx 000 0 und d aeng aBuddhima Kalpani Pathiraja 0aAdsorption Efficiency of Industrial Dyes to Banana Pseudo Stem Biomass aInstitiute of Chemistri CeylonbColomboc2019 a"Seminar Reports ,Dissertations,2019"